Souvenirs d'un ancien chef de chantier a l'isthme de Suez / (Record no. 150847)
[ view plain ]
| 000 -LEADER | |
|---|---|
| campo de control de longitud fija | 00683nam a2200193 i 4500 |
| 001 - NÚMERO DE CONTROL | |
| campo de control | 150847 |
| 003 - IDENTIFICADOR DE NÚMERO DE CONTROL | |
| campo de control | ES-MaACL |
| 005 - FECHA Y HORA DE LA ÚLTIMA TRANSACCIÓN | |
| campo de control | 20251113140547.0 |
| 007 - CAMPO FIJO DE DESCRIPCIÓN FÍSICA--INFORMACIÓN GENERAL | |
| campo de control de longitud fija | t| |
| 008 - DATOS DE LONGITUD FIJA--INFORMACIÓN GENERAL | |
| campo de control de longitud fija | 071114q18501899fr ||||1| fre d |
| 100 0# - ENTRADA PRINCIPAL--NOMBRE DE PERSONA | |
| Nombre de persona | Erckmann-Chatrian. |
| 9 (RLIN) | 47367 |
| 245 10 - MENCIÓN DEL TÍTULO | |
| Título | Souvenirs d'un ancien chef de chantier a l'isthme de Suez / |
| Mención de responsabilidad, etc. | Erckmann-Chatrian] ; illustrées de 16 dessins par Riou ; gravures par Charles Barbant. |
| 260 ## - PUBLICACIÓN, DISTRIBUCIÓN, ETC. | |
| Lugar de publicación, distribución, etc. | Paris : |
| Nombre del editor, distribuidor, etc. | J. Hetzel, |
| Fecha de publicación, distribución, etc. | 187-?] |
| 300 ## - DESCRIPCIÓN FÍSICA | |
| Extensión | 64 p. : |
| Otras características físicas | il. ; |
| Dimensiones | 28 cm. |
| 700 1# - ENTRADA AGREGADA--NOMBRE PERSONAL | |
| Nombre de persona | Riou, Édouard, |
| Fechas asociadas al nombre | 1833-1900 |
| 9 (RLIN) | 97410 |
| 700 1# - ENTRADA AGREGADA--NOMBRE PERSONAL | |
| Nombre de persona | Barbant, Charles. |
| 9 (RLIN) | 25381 |
| 852 ## - LOCALIZACIÓN | |
| Ubicación | ES-MaACL |
| Número de control de estantería | C-1916(3) |
| condición física | . - Encuadernado con otras obras |
| Estatus retirado | Estado de pérdida | Estado de daño | No para préstamo | Colección | Biblioteca de origen | Biblioteca actual | Ubicación en estantería | Fecha de adquisición | Fuente de adquisición | Total de préstamos | Signatura topográfica completa | Código de barras | Visto por última vez | Precio de reemplazo | Tipo de ítem Koha |
|---|---|---|---|---|---|---|---|---|---|---|---|---|---|---|---|
| Libros del s. XIX | Biblioteca del Ateneo de Madrid | Biblioteca del Ateneo de Madrid | Galería | 17/01/2008 | C-1916(3) | 1157404 | 23/02/2023 | 23/02/2023 | Libro impreso antiguo |
